| 000 | 00845nam a22002297a 4500 | ||
|---|---|---|---|
| 999 |
_c2966 _d2966 |
||
| 001 | 2966 | ||
| 003 | BD-JhCC | ||
| 005 | 20171108192518.0 | ||
| 008 | 171108s1963 bg |||| |||| 000 0 ben d | ||
| 035 | _a(BD-JhCC)2966 | ||
| 040 |
_aBD-JhCC _dBD-JhCC |
||
| 041 | _aben | ||
| 082 |
_a823 _bLUC 1963 |
||
| 100 | _a লুসিয়ানো, নর্বার্ট | ||
| 245 |
_aরাত পোহালো / _cনর্বার্ট লুসিয়ানো অনুবাদ অধ্যাপিকা আফিয়া দিল |
||
| 260 |
_aঢাকা: _bপপুলার পাবলিকেশান্স, _c১৯৬৩. |
||
| 300 |
_a১৫২ পৃ. : _c১৮ সেমি. |
||
| 650 | _aChina Fiction | ||
| 700 | _aদিল, অধ্যাপিকা আফিয়া | ||
| 942 |
_2ddc _cBK |
||